| 000 | 00743nam a2200241 a 4500 | ||
|---|---|---|---|
| 001 | BRCA_7666 | ||
| 005 | 20190320205933.0 | ||
| 008 | 090813s1954----au-a######---#000-0#ger-# | ||
| 041 | _ager | ||
| 044 | _aau | ||
| 050 | 4 |
_aNE1318 _b.J37 1954 |
|
| 245 | 1 | 0 |
_aJapanische Holzschnitte _ceinleitung Viktor Griessmaier. |
| 260 |
_aViena _bOsterr Museums _c1954 |
||
| 300 |
_a31 p. _bil., 52 láminas _c23 cm. |
||
| 440 | 0 |
_aÖsterreichischen Museums für Angewandte Kunst _v4 _918914 |
|
| 500 | _aU2 | ||
| 650 | 1 | 4 |
_aGrabados japoneses _918915 |
| 650 | 1 | 4 |
_aGalerías y museos _zAustria _97952 |
| 700 | 1 |
_aGriessmaier, Viktor _918916 |
|
| 710 | 2 |
_aÖsterreichisches Museum für Angewandte Kunst (Viena) _918917 |
|
| 902 | _aGFM | ||
| 942 |
_2lcc _cB |
||
| 999 |
_c7340 _d7340 |
||